| 000 | 01404nam a2200325 a 4500 | ||
|---|---|---|---|
| 999 |
_c8967 _d8967 |
||
| 001 | 8967 | ||
| 003 | BD - JhCC | ||
| 005 | 20180529125053.0 | ||
| 008 | 110330s1970 enk fo| 001 0 eng|d | ||
| 020 | _a9780191682322 (ebook) : | ||
| 020 | _a0191682322 (ebook) : | ||
| 035 | _a(BD - JhCC)8967 | ||
| 040 |
_aStDuBDS _cStDuBDS _dBD-JhCC |
||
| 041 | _aeng | ||
| 050 | 4 | _aKZ3225.H54 | |
| 082 | 0 | 4 |
_a341 _223 _bHIG 2009 |
| 100 | 1 | _aHiggins, Rosalyn. | |
| 245 | 1 | 0 |
_aUnited Nations peacekeeping 1946-1967 : _bdocuments and commentary / _cRosalyn Higgins. |
| 260 |
_aOxford : _bOxford University Press, _c2009. |
||
| 300 | _a1 online resource (lxxxv, 1421 p.) | ||
| 504 | _aIncludes bibliographical references and index. | ||
| 520 | 8 | _aAs President of the International Court of Justice, Rosalyn Higgins is the world's most senior judge. This two-volume set collects together all of her most important writings as a scholar, a member of the UN Human Rights Committee, and as a judge on the International Court of Justice. | |
| 550 | _aIssued as part of Oxford scholarship online. | ||
| 650 | 0 | _aInternational law. | |
| 776 | 0 | 8 |
_iPrint version: _aHiggins, Rosalyn. _tThemes and theories _dOxford : Oxford University Press, 2009 _z9780198262350 |
| 830 | 0 | _aOxford scholarship online. | |
| 856 | 4 | 0 | _uhttp://dx.doi.org/10.1093/acprof:oso/9780198262350.001.0001 |
| 942 |
_2ddc _cBK |
||